000 00293nam a22001337a 4500
008 170814b xxu||||| |||| 00| 0 eng d
020 _a0395317312
041 _aeng
080 _a51
100 _a36
101 _aMAAT
245 _aCONTEMPORARY PRECALCULUS
_cBARRET.G.B
942 _2udc
_cBK
999 _c23352
_d23352